Engineering physics / (Record no. 29290)

000 -LEADER
fixed length control field 00396 a2200157 4500
003 - CONTROL NUMBER IDENTIFIER
control field NUST
005 - DATE AND TIME OF LATEST TRANSACTION
control field 20180118145518.0
008 - FIXED-LENGTH DATA ELEMENTS--GENERAL INFORMATION
fixed length control field 180118b xxu||||| |||| 00| 0 eng d
020 ## - INTERNATIONAL STANDARD BOOK NUMBER
International Standard Book Number 8183560741
020 ## - INTERNATIONAL STANDARD BOOK NUMBER
International Standard Book Number 9788183560740
082 ## - DEWEY DECIMAL CLASSIFICATION NUMBER
Classification number 530
100 1# - MAIN ENTRY--PERSONAL NAME
Personal name Yadav, Poonam.
9 (RLIN) 8831
245 10 - TITLE STATEMENT
Title Engineering physics /
Statement of responsibility, etc. Poonam Yadav.
260 ## - PUBLICATION, DISTRIBUTION, ETC.
Place of publication, distribution, etc. [S.l.] :
Name of publisher, distributor, etc. Discovery Publishing House,
Date of publication, distribution, etc. 2006
300 ## - PHYSICAL DESCRIPTION
Extent 1 v. (unpaged)
700 ## - ADDED ENTRY--PERSONAL NAME
Personal name Yadav, Poonam.
9 (RLIN) 8831
942 ## - ADDED ENTRY ELEMENTS (KOHA)
Institution code [OBSOLETE] SNS
Koha item type Book
Call number prefix 530 YAD
Source of classification or shelving scheme
Holdings
Withdrawn status Lost status Damaged status Not for loan Permanent Location Current Location Date acquired Total Checkouts Full call number Barcode Date last seen Price effective from Koha item type
        School of Natural Sciences (SNS) School of Natural Sciences (SNS) 05/26/2016   530 YAD SNS0000815 05/26/2016 05/26/2016 Book
© 2023 Central Library, National University of Sciences and Technology. All Rights Reserved.